| 000 | 00531nam a22001697a 4500 | ||
|---|---|---|---|
| 005 | 20140310183635.0 | ||
| 008 | 131126b xxu||||| |||| 00| 0 eng d | ||
| 020 | _a9710489701 | ||
| 050 |
_aHF 5667 _b.C117 2010 |
||
| 100 | _aCabrera, Ma. Elenita Balatbat | ||
| 245 |
_aassurance Principles , Proffessional ethics and good governance _cMa. Elenita Balatbat Cabrera |
||
| 260 |
_aManila : _bGIC Enterprises & Co., Inc. _c2010. |
||
| 300 |
_a1268 p. : _bill. ; _c25 cm. |
||
| 521 | _aBSA | ||
| 546 | _aC12590 | ||
| 942 |
_2lcc _cBK _kLOC |
||
| 999 |
_c25700 _d25700 |
||